Qualitative methodology / (Record no. 535253)

000 -LEADER
fixed length control field 01079cam a2200301 a 4500
001 - CONTROL NUMBER
control field 4714696
003 - CONTROL NUMBER IDENTIFIER
control field NUST
005 - DATE AND TIME OF LATEST TRANSACTION
control field 20200901160619.0
008 - FIXED-LENGTH DATA ELEMENTS--GENERAL INFORMATION
fixed length control field 830706r19831979caua b 000 0 eng
010 ## - LIBRARY OF CONGRESS CONTROL NUMBER
LC control number 83014332
020 ## - INTERNATIONAL STANDARD BOOK NUMBER
International Standard Book Number 978-1-4462-4897-0
038 ## - RECORD CONTENT LICENSOR
Staff Name msohail
040 ## - CATALOGING SOURCE
Original cataloging agency DLC
Transcribing agency DLC
Modifying agency DLC
-- OCoLC
-- DLC
050 00 - LIBRARY OF CONGRESS CALL NUMBER
Classification number H62
Item number .Q35 1983
082 00 - DEWEY DECIMAL CLASSIFICATION NUMBER
Classification number 300.72
Edition number 19
Author Mark MIL
245 00 - TITLE STATEMENT
Title Qualitative methodology /
Statement of responsibility, etc. Jane Mills.
260 ## - PUBLICATION, DISTRIBUTION, ETC.
Place of publication, distribution, etc. Beverly Hills :
Name of publisher, distributor, etc. Sage,
Date of publication, distribution, etc. c2014.
300 ## - PHYSICAL DESCRIPTION
Extent 272 p. :
Other physical details ill. ;
Dimensions 22 cm.
500 ## - GENERAL NOTE
General note "An updated reprint of the December 1979 issue of Administrative science quarterly."
504 ## - BIBLIOGRAPHY, ETC. NOTE
Bibliography, etc. note Includes bibliographies.
650 #0 - SUBJECT ADDED ENTRY--TOPICAL TERM
Topical term or geographic name entry element Social sciences
General subdivision Research.
9 (RLIN) 3653
650 #0 - SUBJECT ADDED ENTRY--TOPICAL TERM
Topical term or geographic name entry element Social sciences
General subdivision Methodology.
9 (RLIN) 1585
700 1# - ADDED ENTRY--PERSONAL NAME
Personal name Van Maanen, John.
9 (RLIN) 29719
856 42 - ELECTRONIC LOCATION AND ACCESS
Materials specified Publisher description
Uniform Resource Identifier <a href="http://www.loc.gov/catdir/enhancements/fy0654/83014332-d.html">http://www.loc.gov/catdir/enhancements/fy0654/83014332-d.html</a>
856 41 - ELECTRONIC LOCATION AND ACCESS
Materials specified Table of contents only
Uniform Resource Identifier <a href="http://www.loc.gov/catdir/enhancements/fy0654/83014332-t.html">http://www.loc.gov/catdir/enhancements/fy0654/83014332-t.html</a>
906 ## - LOCAL DATA ELEMENT F, LDF (RLIN)
a 7
b cbc
c orignew
d 1
e ocip
f 19
g y-gencatlg
942 ## - ADDED ENTRY ELEMENTS (KOHA)
Source of classification or shelving scheme
Koha item type Book
Holdings
Withdrawn status Lost status Source of classification or shelving scheme Damaged status Not for loan Permanent Location Current Location Date acquired Total Checkouts Full call number Barcode Date last seen Price effective from Koha item type
          School of Civil and Environmental Engineering (SCEE) School of Civil and Environmental Engineering (SCEE) 09/01/2020   300.72 MIL NIT-13173 09/01/2020 09/01/2020 Book
© 2023 Central Library, National University of Sciences and Technology. All Rights Reserved.